| 000 | 00507nam a22001937a 4500 | ||
|---|---|---|---|
| 003 | NUST | ||
| 020 | _a9693519981 | ||
| 038 | _aKhadija | ||
| 082 |
_a891.4392 _bBAN |
||
| 100 |
_aBano Qudsia _988943 |
||
| 245 |
_aChota Shehar Baray Log / _cBano Qudsia |
||
| 260 |
_aLahore _bSng e Meel _c2007. |
||
| 300 |
_a360.p ; _b22cm |
||
| 500 | _aHardcover. | ||
| 563 | _aHB | ||
| 880 |
_6100-01 _aبانو قدسیہ |
||
| 880 |
_6245-02 _aچھوٹا شہر بڑے لوگ _cبانو قدسیہ |
||
| 942 |
_cBK _2ddc |
||
| 999 |
_c33102 _d33102 |
||